| 000 | 00741aam a2200277 i 4500 | ||
|---|---|---|---|
| 001 | 768714001 | ||
| 003 | CO-MdFUSB | ||
| 005 | 20250513102653.0 | ||
| 007 | ta | ||
| 008 | 250513t1973 nyu |||| |||| 00| 0 spa d | ||
| 040 | _cCO-MdFUSB | ||
| 041 | 0 | _aspa | |
| 082 | 0 | 4 |
_223 _a248 _bC2937r |
| 100 | 1 |
_aCarothers, Merlin R. _eautor |
|
| 245 | 1 | 0 |
_aRespuestas a la alabanza _c/ Merlín R. Carothers |
| 264 | 1 |
_bLogos International, _aPlainfield, New Jersey, USA : _c[1973] |
|
| 264 | 4 | _c©1973 | |
| 300 | _a223 páginas | ||
| 336 |
_atexto _btxt _2rdacontent |
||
| 337 |
_2rdamedia _asin mediación _bn |
||
| 338 |
_2rdacarrier _avolumen _bnc |
||
| 563 | _aPasta dura | ||
| 650 | 0 |
_aVida cristiana _919 |
|
| 942 | _cBK | ||
| 945 | _aJTF-925 | ||
| 999 |
_c35537 _d35537 |
||